| 000 | 00509nam a22001937a 4500 | ||
|---|---|---|---|
| 003 | KOHA_MİRAKIL | ||
| 005 | 20251003153240.0 | ||
| 008 | 251003b tu ||||| |||| 00| 0 tur d | ||
| 020 | _a9786258176520 | ||
| 040 |
_aTR-AnABB _btur _cTR-AnABB |
||
| 041 | _atur | ||
| 082 |
_a813.42 _bSAH 2023 |
||
| 100 | 1 | _aŞahin, Cem, | |
| 245 | 1 | 0 |
_aGölge / _cCem Şahin |
| 260 |
_aAnkara ; _bKitap Müptelası, _c2023 |
||
| 300 |
_a196 sayfa ; _c21 cm |
||
| 650 | 0 | 4 | _aTürk edebiyatı, roman |
| 942 |
_2ddc _cBK |
||
| 999 |
_c9082 _d9082 |
||
| 900 | _bGizem YORULMAZ | ||